| 000 | 00984nas a2200289 i 4500 | ||
|---|---|---|---|
| 001 | 1200 | ||
| 003 | ES-MaACL | ||
| 005 | 20250416160654.0 | ||
| 007 | t| | ||
| 008 | 950801d19741976sp m| | 1 ||pa d | ||
| 022 | _a2478-7434 | ||
| 080 | _a008(460.35) | ||
| 245 | 0 | 3 |
_aLa Ilustración regional / _cdir. Javier Smith Carretero. |
| 260 |
_aSevilla : _bSociedad Andaluza de Ediciones, _c1974-(ca.1976) |
||
| 300 |
_a2 v. : _bgrab. ; _c27 cm. |
||
| 310 | _aMensual | ||
| 362 | 0 | _aN. 1 (sept. 1974)-(ca. 1976) | |
| 650 | 1 | 4 |
_aMonografías regionales. _915170 |
| 651 | 4 |
_aAndalucía- _xDescripción. _97768 |
|
| 651 | 4 |
_aAndalucía- _xCultura. _9161198 |
|
| 655 | 7 |
_2tgfbne _9226866 _aRevistas |
|
| 700 | 1 |
_aSmith Carretero, Javier, _9194120 |
|
| 852 |
_aES-MaACL _jHEM-H-281 _dOlim: HEM-1473 _zExpurgada marzo 2025: posterior 1958; sin encuadernar; mal estado de conservación _91225 _cHEM |
||
| 866 | 0 | _o1974(1975f.n.6)(1976) | |
| 942 | _2udc | ||
| 999 |
_c1200 _d1200 |
||